00709nam a22002417a 450000500170000000800410001704000090005804100080006708200200007510000250009524500630012026000370018330000300022036500160025065000190026665000580028565000110034365000300035470000160038470000200040070000200042070000270044020220419111235.0220419b ||||| |||| 00| 0 eng d cAloy aeng 223a361.2bBROT aC P BROWN and others aTwelfth century revolution for equality and social justice aBangalorebJagajyoti Trustc2003 axviii,89 p.bPBc21x14 cm 2Social Work aSocial Justice aEssay on Creed, Customs and Literature of the Jangams aBasava aRevolution of the Mystice aBROWN (C P) aGAJENDRAGADAKAR aSHOUTEN (Johan) aCHANDANGOUDAR (R H) Ed